000 00649cam a22002411 4500
001 sa 68003210
003 DLC
005 20260227112450.0
008 940907s1966 ii 000 0 orio
010 _asa 68003210
025 _aPL480:I-O-758
035 _a(OCoLC)31063542
040 _aDLC
_cCU
_dCU
_dDLC
042 _apremarc
050 0 0 _aPK2579.P38
_bA85
100 1 _aMahanti, Debendra.
245 1 0 _aAmaḍābāṭara sr̥shṭi-samīkshā.
260 _c[1966]
300 _a60 p.
_c18 cm.
500 _aIn Oriya.
600 1 0 _aPattnaik, Basanta Kumari.
_tAmaḍābāṭa.
700 1 _aPattnaik, Basanta Kumari.
_tAmaḍābāṭa.
999 _c79312
_d79312